000 00508nam a2200169Ia 4500
003 OSt
005 20200915115215.0
008 190216s9999||||xx |||||||||||||| ||und||
040 _coclc
082 _a954.83
_bKOY/M
100 _aKoya, S M Mohamed
_92295
245 0 _aMappilas Of Malabar /
_cS M Mohamed Koya
260 _bSandhy Pubs,
_c1983.
_aCalicut:
300 _a113p
650 0 _aHistory & geography
_vIslamic History
_92271
942 _cBK
_2ddc
_h954.83
_iKOY/M
_k954.83
_mKOY/M
999 _c22302
_d22302